• 首页
  • 本馆介绍
  • 公告通知
  • 最新文献
  • 馆藏检索
  • 电子资源
  • 读者导购
  • 参考咨询
  • 我的图书馆
  • 登录
  • 详细信息显示
  • 放入我的书架
  • 预约/预借图书
  • 作者相关作品
  • 分类相关作品
  • 丛书相关作品
  • 出版社相关作品

书目信息

  • 表格格式
  • 工作单格式
  • 卡片格式
题名:
现代企业财务管理与财政税收理论探究
    
 
作者: 蔡敏 , 李淑珍 , 樊倩 著
分册:  
出版信息: 长春   吉林科学技术出版社  2022.08
页数: 236页
开本: 26cm
丛书名:
单 册:
中图分类: F275 , F810.423
科图分类:
主题词: 企业管理--qi ye guan li--财务管理 , 企业管理--qi ye guan li--税收管理
电子资源:
ISBN: 978-7-5578-8698-1
000 01097nam0 2200289 450
001 CAL 012022026237
005 20230217093113.0
010    @a978-7-5578-8698-1@dCNY60.00
100    @a20220928d2022 em y0chiy0120 ea
101 0  @achi
102    @aCN@b220000
105    @ay a 000yy
106    @ar
200 1  @a现代企业财务管理与财政税收理论探究@Axian dai qi ye cai wu guan li yu cai zheng shui shou li lun tan jiu@f蔡敏, 李淑珍, 樊倩著
210    @a长春@c吉林科学技术出版社@d2022.08
215    @a236页@d26cm
320    @a有书目 (第235-236页)
330    @a本书共十二章, 主要内容包括: 企业财务管理概述、财务管理的价值观念、企业筹资管理、营运资金管理、收益分配管理、成本费用管理、预算管理、企业风险管理框架、财政的基础认知、税收原理、增值税与消费税、资源税与行为税。
606 0  @a企业管理@Aqi ye guan li@x财务管理
606 0  @a企业管理@Aqi ye guan li@x税收管理
690    @aF275@v5
690    @aF810.423@v5
701  0 @a蔡敏@Acai min@4著
701  0 @a李淑珍@Ali shu zhen@4著
701  0 @a樊倩@Afan qian@4著
801  0 @aCN@bBJXHZP@c20230228
905    @b1386595-8@dF275@e1964@f4
    
    现代企业财务管理与财政税收理论探究/蔡敏, 李淑珍, 樊倩著.-长春:吉林科学技术出版社,2022.08
    236页;26cm
    
    
    ISBN 978-7-5578-8698-1:CNY60.00
    本书共十二章, 主要内容包括: 企业财务管理概述、财务管理的价值观念、企业筹资管理、营运资金管理、收益分配管理、成本费用管理、预算管理、企业风险管理框架、财政的基础认知、税收原理、增值税与消费税、资源税与行为税。
●
相关链接 在E读中查询图书 在五车中查询图书 在当当中查询图书 在豆瓣中查询图书


正题名:现代企业财务管理与财政税收理论探究     索取号:F275/1964         预约/预借

序号 登录号 条形码 馆藏地/架位号 状态 备注
1 1386595   213865959   第一样本阅览室/ [索取号:F275/1964] 在馆    
2 1386596   213865968   第一借阅区/ [索取号:F275/1964] 在馆    
3 1386597   213865977   第一借阅区/ [索取号:F275/1964] 在馆    
4 1386598   213865986   第一借阅区/ [索取号:F275/1964] 在馆    
唐山师范学院图书馆 欢迎您!
大连网信软件有限公司© 版权所有